| 000 | 00658cam a22002171 4500 | ||
|---|---|---|---|
| 001 | sa 66005919 | ||
| 003 | DLC | ||
| 005 | 20260227112252.0 | ||
| 008 | 930310s1964 io b 000 0 ind | ||
| 010 | _asa 66005919 | ||
| 025 | _aPL480:Indo-2413 | ||
| 035 | _a(OCoLC)27708526 | ||
| 040 |
_aDLC _cCU _dDLC |
||
| 042 | _apremarc | ||
| 050 | 0 | 0 |
_aHB3647 _b.I696 |
| 245 | 1 | 0 |
_aMusjawarah besar sardjana ekonomi Indonesia, Djakarata, Djuli 1964; _bmasalah penduduk dalam Dekon. |
| 260 |
_a[Djakarta] _bPersatuan Intelegensi Kristen Indonesia _c[1964?] |
||
| 300 |
_a25 p. _c33 cm. |
||
| 504 | _aBibliographical footnotes. | ||
| 651 | 0 |
_aIndonesia _xPopulation. |
|
| 999 |
_c70205 _d70205 |
||